Представление документа в формате RUSMARC

Поле Инд. ПП Название Значение
Тип записи a
Библиографический уровень m
001 Контрольный номер RU/URAIT/409638
003 Постоянный идентификатор записи https://urait.ru/bcode/449525
005 Дата корректировки 20231127142746.4
010 a ISBN 978-5-534-16296-7
073 _1 a Стандартный номер (EAN) 9785534054958
100 a Данные общей обработки 20170818d2017 km y0rusy89 ca
101 0_ a Язык текста rus
102 a Страна публикации RU
105 a Кодированные данные (монография) y j 000yy
106 a Кодированные данные для формы документа (Обозначение носителя) s
200 1_ a Заглавие Жилищное право
e Сведения, относящиеся к заглавию учебник и практикум для СПО
f Первые сведения об ответственности И. Л. Корнеева
b Общее обозначение материала Электронный ресурс
205 a Основные сведения об издании 4-е изд., перераб. и доп.
210 1_ a Место издания Москва
c Издательство Юрайт
d Дата издания 2023
215 a Объем 411 с.
225 1_ a Серия Профессиональное образование
333 a Примечание о целевом назначении Среднее профессиональное образование
606 a Основная рубрика Право. Юридические науки
x Основная подрубрика Гражданское и торговое право
x Основная подрубрика Жилищное право
675 a Индекс УДК 34(075.32)
700 _1 a Фамилия Корнеева
b Имя И. Л.
g Полное личное имя Инна Леонидовна
801 _0 a Страна RU
b Организация ИКО Юрайт
c Дата составления 20170818
g Правила каталогизации RCR
2 Код формата rusmarc
801 _1 a Страна RU
b Организация ИКО Юрайт
c Дата составления 20171227
g Правила каталогизации RCR
2 Код формата rusmarc
852 i Авторский знак К 672
j Полочный индекс 67.99(2)32ж
856 4_ u URL https://urait.ru/bcode/530762
856 4_ a Внешний URL ресурс ЭБС Юрайт. Доступ по логину и паролю
901 t Тип документа m
905 a Дата ввода 20180216
952 c Вид литературы учебник
a Тип литературы для КСУ ВШ СПО
j Специальность СПО